• 首页
  • 本馆介绍
  • 公告通知
  • 最新文献
  • 馆藏检索
  • 电子资源
  • 读者导购
  • 参考咨询
  • 我的图书馆
  • 登录
  • 详细信息显示
  • 放入我的书架
  • 预约/预借图书
  • 作者相关作品
  • 分类相关作品
  • 丛书相关作品
  • 出版社相关作品

书目信息

  • 表格格式
  • 工作单格式
  • 卡片格式
题名:
陀思妥耶夫斯基与俄罗斯文化精神
    
 
作者: 何云波
分册:  
出版信息: 长沙   湖南教育出版社  1997
页数: 272页
开本: 20cm
丛书名:
单 册:
中图分类: B506
科图分类:
主题词: 哲学--欧洲
电子资源:
ISBN: 7-5355-2474-5
000 00540nam0 2200181 450
001 0728815141
005 20070819080015.14
010    @a7-5355-2474-5@d¥11.60
100    @a20070819d km y0chiy0120 ea
101 0  @achi
200 1  @a陀思妥耶夫斯基与俄罗斯文化精神@Atuo si tuo ye fu si ji yu e luo si wen hua jing shen@f何云波@Fhe yun bo
210    @a长沙@c湖南教育出版社@d1997
215    @a272页@d20cm
606 0  @a哲学@x欧洲
690    @aB506@v3
701  0 @a何云波@Ahe yun bo
801  0 @aCN@bPFT@c20070819
905    @a213230@dB506@eZW280@f1
    
    陀思妥耶夫斯基与俄罗斯文化精神/何云波.-长沙:湖南教育出版社,1997
    272页;20cm
    
    
    ISBN 7-5355-2474-5:¥11.60
    
●
相关链接 在E读中查询图书 在五车中查询图书 在当当中查询图书 在豆瓣中查询图书


正题名:陀思妥耶夫斯基与俄罗斯文化精神     索取号:B506/ZW280         预约/预借

序号 登录号 条形码 馆藏地/架位号 状态 备注
1 7600424   276004244   密集书库-文学院/ [索取号:B506/ZW280] 在馆    
唐山师范学院图书馆 欢迎您!
大连网信软件有限公司© 版权所有